La última cena de Joyce. Cuentos.

Kaydedildi:
Detaylı Bibliyografya
Yazar: Ortega Parada, Hernán (autor)
Materyal Türü: Kitap
Baskı/Yayın Bilgisi: Valparaíso, Chile: Ediciones Universitarias de Valparaíso, 2018.
Konular:
Etiketler: Etiketle
Etiket eklenmemiş, İlk siz ekleyin!

MARC

LEADER 00000nam a22000007a 4500
003 CL-VaPUC
005 20221201173515.0
008 221007t2018 ||||| |||| 00| 0 eng d
999 |c 439125  |d 439123 
020 |a 978-956-17-0789-4 
040 |c Pontificia Universidad Católica de Valparaíso 
082 0 4 |2 22  |a Ch863 ORT 2018 
100 |a Ortega Parada, Hernán  |e autor  |9 877480 
245 1 3 |a La última cena de Joyce.  |b Cuentos. 
260 |a Valparaíso, Chile:  |b Ediciones Universitarias de Valparaíso,   |c 2018. 
300 |a 198 páginas. 
500 |a c.1. Donación Rector saliente Claudio Elortegui, Julio 2022. 
583 |c 20221007  |k Catalogador Asistente 
650 1 |a Cuentos chilenos  |9 308280 
650 1 |a Literatura chilena  |9 878213 
942 |2 ddc  |c BK 
952 |0 0  |1 0  |2 ddc  |4 0  |6 CH_863_000000000000000_ORT_2018  |7 0  |8 A  |9 587154  |a BIBEDU  |b BIBEDU  |c GEN  |d 2022-10-07  |e Donación  |i 5655092  |o Ch863 ORT 2018  |p 5655092  |r 2022-10-07  |t 1  |w 2022-10-07  |y BK  |k EDU